00402pab a2200145 454500008004000000100001900040245007800059260000900137300001200146362001200158650003200170650001600202700001400218773002400232180718b2003 xxu||||| |||| 00| 0 eng d aBarling, David aA reluctant food policy? The first five years of good policy under labour c2003 ap.8-18. aJan-Mar aFood supply - Great Britain aFood supply aLang, Tim aPolitical Quarterly